Sistema ventricular y médula - Estadísticas

Estadísticas generales
  • Esta prueba ha sido intentada 7 veces
  • La puntuación promedio es 6 de 12
Estadísticas de respuestas
Imagen Respuesta % Correcto
Agujero de Luschka
100%
Asta posterior de la médula
100%
Cisterna cerebrolobular posterior
100%
Cisterna quiasmática
100%
Cola de caballo
100%
Confluencia de Herófilo
100%
Espacio subaracnoideo
100%
Hoz del cerebro
100%
Receso infundibular
100%
Seno petroso superior
100%
Cuarto ventrículo
50%
Acueducto de Silvio
0%
Agujero de Magendi
0%
Aracnoides
0%
Asta anterior de la médula
0%
Asta lateral de la médula
0%
Capa meníngea de la duramadre
0%
Capa perióstica de la duramadre
0%
Cisterna cuadrigémina
0%
Cisterna interpeduncular
0%
Cisterna prepontina
0%
Conducto central de la médula
0%
Cono medular
0%
Córdon anterior
0%
Córdon lateral
0%
Espacio epidural
0%
Estrías medulares
0%
Filum terminal
0%
Foramen de Monro
0%
Fosa romboidal
0%
Granulaciones aracnoideas
0%
Piamadre
0%
Plexo coroideo del cuarto ventrículo
0%
Plexo coroideo del tercer ventrículo
0%
Receso supraóptico
0%
Receso suprapineal
0%
Seno cavernoso
0%
Seno esfenoparietal
0%
Seno petroso inferior
0%
Seno recto
0%
Seno sagital inferior
0%
Seno sagital superior
0%
Seno sigmoideo
0%
Seno transverso
0%
Tentorio
0%
Tercer ventrículo
0%
Vena yugular interna
0%
Ventrículo lateral
0%
No se encontraron pruebas coincidentes
Distribución de puntuación
Porcentaje de gente con cada puntuación
Porcentaje por número respondido
Historial de tus puntuaciones
No has intentado esta prueba.